Famous Faces - September Birthdays - Statistics

General Stats
  • This quiz has been taken 294 times
  • The average score is 11 of 30
Answer Stats
Picture Hint Answer % Correct
September 4, 1981 Beyonce
90%
September 14, 1983 Amy Winehouse
83%
September 8, 1979 Pink
83%
September 1, 1950 Dr. Phil
68%
September 3, 1965 Charlie Sheen
66%
September 6, 1972 Idris Elba
65%
September 23, 1930 Ray Charles
64%
September 18, 1971 Lance Armstrong
59%
September 5, 1638 Louis XIV
59%
September 7, 1936 Buddy Holly
56%
September 12, 1913 Jesse Owens
52%
September 10, 1964 Jack Ma
38%
September 28, 551 BC Confucius
36%
September 11, 1965 Bashar al-Assad
33%
September 22, 1515 Anne of Cleves
32%
September 17, 1950 Narendra Modi
32%
September 20, 1988 Khabib Nurmagomedov
27%
September 19, 1949 Twiggy
26%
September 15, 1890 Agatha Christie
25%
September 9, 1828 Leo Tolstoy
23%
September 29, 1943 Lech Wałęsa
15%
September 13, 1916 Roald Dahl
14%
September 24, 1896 F. Scott Fitzgerald
10%
September 25, 1930 Shel Silverstein
10%
September 27, 1722 Samuel Adams
7%
September 26, 1849 Ivan Pavlov
6%
September 16, 1923 Lee Kuan Yew
5%
September 30, 1928 Elie Wiesel
2%
September 2, 1838 Lili'uokalani
2%
September 21, 1866 H. G. Wells
1%
No matching quizzes found
Score Distribution
Percent of People with Each Score
Percentile by Number Answered
Your Score History
You have not taken this quiz